00493nam a22001697a 450000500170000000800410001702000180005804000210007604100080009708200180010510000260012324500630014925000120021226000320022430000100025665000570026620250908103948.0250908b |||||||| |||| 00| 0 eng d a9789381069829 aIN-DiNCcIN-DiNC dasm a891.4514bSAR aSharma, Madaneauthor aLakshminath Bezbaruah:bsrijan aru monan/cby Madan Sharma a1st ed. aGuwahati:bAalibaat,c2014. a247p. aCreations and contemplation of Lakshminath Bezbaruah